Normal view
MARC view
- تأليف: خصاونة، محمد احمد / م.مشارك: محمد عبد ربه الخوالدة، عنان راشد ابو مريم
Entry Personal Name
001 - CONTROL NUMBER
- control field: 31686
003 - CONTROL NUMBER IDENTIFIER
- control field: JO-AjAnu
005 - DATE AND TIME OF LATEST TRANSACTION
- control field: 20230606075331.0
008 - FIXED-LENGTH DATA ELEMENTS
- fixed length control field: 230606|| aca||aabn | a|a d
040 ## - CATALOGING SOURCE
- Original cataloging agency: JO-AjAnu
- Transcribing agency: JO-AjAnu
100 ## - HEADING--PERSONAL NAME
- Personal name: تأليف: خصاونة، محمد احمد / م.مشارك: محمد عبد ربه الخوالدة، عنان راشد ابو مريم
670 ## - SOURCE DATA FOUND
- Source citation: Work cat.: (JO-AjAnu)16269: تأليف: خصاونة، محمد احمد / م.مشارك: محمد عبد ربه الخوالدة، عنان راشد ابو مريم, author, المدخل الى الاعاقة السمعية